ARRUPE JESUIT UNIVERSITY

CORONAVIRUS -STOP THE SPREAD - CLEAN,DISINFECT,COVER

Kenosis : (Record no. 124512)

MARC details
000 -LEADER
fixed length control field 01191cam a2200325 a 4500
001 - CONTROL NUMBER
control field 3906146
003 - CONTROL NUMBER IDENTIFIER
control field ARRUPE
005 - DATE AND TIME OF LATEST TRANSACTION
control field 20160330114928.0
008 - FIXED-LENGTH DATA ELEMENTS--GENERAL INFORMATION
fixed length control field 910801s1991 mau b 000 0 eng
010 ## - LIBRARY OF CONGRESS CONTROL NUMBER
LC control number 91026160
020 ## - INTERNATIONAL STANDARD BOOK NUMBER
International Standard Book Number 1852302852 :
Terms of availability $11.95 U.S.
040 ## - CATALOGING SOURCE
Original cataloging agency DLC
Transcribing agency DLC
Modifying agency DLC
043 ## - GEOGRAPHIC AREA CODE
Geographic area code n-us-ny
050 00 - LIBRARY OF CONGRESS CALL NUMBER
Classification number BX2350.2
Item number .C72 1992
082 00 - DEWEY DECIMAL CLASSIFICATION NUMBER
Classification number 248.4/82
Edition number 20
300 ## - PHYSICAL DESCRIPTION
Dimensions 22 cm.
100 1# - MAIN ENTRY--PERSONAL NAME
Personal name Cronin, Kevin,
Titles and other words associated with a name Father.
9 (RLIN) 1109
245 10 - TITLE STATEMENT
Title Kenosis :
Remainder of title emptying self and the path of Christian service /
Statement of responsibility, etc Kevin Cronin.
246 30 - VARYING FORM OF TITLE
Title proper/short title Emptying self and the path of Christian service
260 ## - PUBLICATION, DISTRIBUTION, ETC. (IMPRINT)
Place of publication, distribution, etc New York. :
Name of publisher, distributor, etc Continuum,
Date of publication, distribution, etc 1992
300 ## - PHYSICAL DESCRIPTION
Extent 116 p. ;
504 ## - BIBLIOGRAPHY, ETC. NOTE
Bibliography, etc Includes bibliographical references.
600 10 - SUBJECT ADDED ENTRY--PERSONAL NAME
Personal name Cronin, Kevin,
Titles and other words associated with a name Father.
9 (RLIN) 1109
650 #0 - SUBJECT ADDED ENTRY--TOPICAL TERM
Topical term or geographic name as entry element Christian life
General subdivision Catholic authors.
9 (RLIN) 23483
650 #0 - SUBJECT ADDED ENTRY--TOPICAL TERM
Topical term or geographic name as entry element Self-denial.
9 (RLIN) 23484
650 #0 - SUBJECT ADDED ENTRY--TOPICAL TERM
Topical term or geographic name as entry element Service (Theology)
9 (RLIN) 23485
650 #0 - SUBJECT ADDED ENTRY--TOPICAL TERM
Topical term or geographic name as entry element Church work with the poor
Geographic subdivision New York (State)
-- New York.
9 (RLIN) 23486
906 ## - LOCAL DATA ELEMENT F, LDF (RLIN)
a 7
b cbc
c orignew
d 1
e ocip
f 19
g y-gencatlg
942 ## - ADDED ENTRY ELEMENTS (KOHA)
Source of classification or shelving scheme Library of Congress Classification
Koha item type Monograph ( Printed materials)
Holdings
Withdrawn status Lost status Source of classification or shelving scheme Damaged status Not for loan Collection code Home library Current library Shelving location Date acquired Total Checkouts Full call number Barcode Date last seen Price effective from Koha item type
    Library of Congress Classification     Main Collection ARRUPE LIBRARY ARRUPE LIBRARY Main Collection 30/03/2016   BX2350.2 .C72 1992 46500007053 22/11/2017 30/03/2016 Monograph ( Printed materials)

 

Arrupe Library. PO Box MP320 Mt Pleasant, Harare, Zimbabwe
263 242 745411|librarian@aju.ac.zw